<?xml version="1.0" encoding="UTF-8"?>
<record
    xmlns:xsi="http://www.w3.org/2001/XMLSchema-instance"
    xsi:schemaLocation="http://www.loc.gov/MARC21/slim http://www.loc.gov/standards/marcxml/schema/MARC21slim.xsd"
    xmlns="http://www.loc.gov/MARC21/slim">

  <leader>01027nam a22002415a 4500</leader>
  <controlfield tag="003">OSt</controlfield>
  <controlfield tag="005">20160614180449.0</controlfield>
  <controlfield tag="008">160614s2016    spc||||fsm||||0|| 0 spa|d</controlfield>
  <datafield tag="040" ind1=" " ind2=" ">
    <subfield code="b">cat</subfield>
    <subfield code="c">CDMR</subfield>
  </datafield>
  <datafield tag="100" ind1="1" ind2=" ">
    <subfield code="a">P&#xE9;rez Soler, Susana</subfield>
  </datafield>
  <datafield tag="245" ind1="1" ind2="0">
    <subfield code="a">Usos period&#xED;sticos de Twitter </subfield>
    <subfield code="h">[Recurs electr&#xF2;nic]</subfield>
    <subfield code="b">: Una comparativa entre redacciones tradicionales y digitales en Catalunya y B&#xE9;lgica</subfield>
    <subfield code="c">Susana P&#xE9;rez Soler</subfield>
  </datafield>
  <datafield tag="260" ind1=" " ind2=" ">
    <subfield code="a">[Barcelona] :</subfield>
    <subfield code="b">Universitat Ramon Llull,</subfield>
    <subfield code="c">2016</subfield>
  </datafield>
  <datafield tag="300" ind1=" " ind2=" ">
    <subfield code="a">1 recurs electr&#xF2;nic (315 p.)</subfield>
  </datafield>
  <datafield tag="502" ind1=" " ind2=" ">
    <subfield code="a">Tesi doctoral - Universitat Ramon Llull. FCRIB - Comunicaci&#xF3; i Relacions Internacionals, 2016</subfield>
  </datafield>
  <datafield tag="650" ind1="0" ind2="4">
    <subfield code="9">3128</subfield>
    <subfield code="a">Xarxes socials en l&#xED;nia</subfield>
  </datafield>
  <datafield tag="650" ind1="0" ind2="4">
    <subfield code="9">2272</subfield>
    <subfield code="a">Periodisme</subfield>
    <subfield code="x">Innovacions tecnol&#xF2;giques</subfield>
  </datafield>
  <datafield tag="650" ind1="0" ind2="4">
    <subfield code="9">3188</subfield>
    <subfield code="a">Premsa digital</subfield>
  </datafield>
  <datafield tag="700" ind1="1" ind2=" ">
    <subfield code="a">Mic&#xF3;, Josep Llu&#xED;s,</subfield>
    <subfield code="d">1974-</subfield>
    <subfield code="e">dir.</subfield>
  </datafield>
  <datafield tag="710" ind1="2" ind2=" ">
    <subfield code="a">Facultat de Comunicaci&#xF3; i Relacions Internacionals Blanquerna</subfield>
  </datafield>
  <datafield tag="730" ind1="0" ind2=" ">
    <subfield code="a">TDX</subfield>
  </datafield>
  <datafield tag="856" ind1="4" ind2="0">
    <subfield code="z">(Acc&#xE9;s lliure)</subfield>
    <subfield code="u">http://www.tdx.cat/handle/10803/362644</subfield>
    <subfield code="y">Disponible en l&#xED;nia (pdf)</subfield>
  </datafield>
  <datafield tag="942" ind1=" " ind2=" ">
    <subfield code="c">TSN-E</subfield>
  </datafield>
  <datafield tag="999" ind1=" " ind2=" ">
    <subfield code="c">6940</subfield>
    <subfield code="d">6940</subfield>
  </datafield>
  <datafield tag="952" ind1=" " ind2=" ">
    <subfield code="0">0</subfield>
    <subfield code="1">0</subfield>
    <subfield code="4">0</subfield>
    <subfield code="7">0</subfield>
    <subfield code="a">CDMR</subfield>
    <subfield code="b">CDMR</subfield>
    <subfield code="d">2016-06-14</subfield>
    <subfield code="e">Donaci&#xF3;</subfield>
    <subfield code="l">0</subfield>
    <subfield code="p">CDMR16061262</subfield>
    <subfield code="r">2016-06-14</subfield>
    <subfield code="w">2016-06-14</subfield>
    <subfield code="y">TSN-E</subfield>
  </datafield>
</record>
